| 000 | 00346nam a2200145Ia 4500 | ||
|---|---|---|---|
| 008 | 230917s9999||||xx |||||||||||||| ||und|| | ||
| 040 |
_e58063 _aMAIN |
||
| 041 | _aEnglish | ||
| 082 | _a823.9 D781G | ||
| 100 | _aDrabble, Margaret | ||
| 245 | 4 | _aThe Garrick year | |
| 260 |
_aMiddlesex _bPenguin Books _c1979 |
||
| 300 | _a171 p. | ||
| 942 | _cBK | ||
| 999 |
_c224537 _d224537 |
||